000 00507nam a2200181Ia 4500
005 20250508151745.0
008 008 250505s9999 xx 000 0 hin d
037 _aBooks to be hide in OPAC
040 _aFEDL
_beng
_cFEDL
041 _ahin
_2eng
084 _a491.438, SHA/O
_qFEDL
100 _aSharma Gangaram
245 0 _aSuman-sanchye
260 _aDelhi, India
_bMunshi Gulab Singh and Sons
_c1951
300 _a214p.
942 _cHB
_h491.438, SHA/O
999 _c1331952
_d1331952